000 00486nam a2200193Ia 4500
005 20240823053351.0
008 240823s9999||||xx |||||||||||||| ||und||
020 _a978-81-8052-090-0
041 _aENGLISH
082 _A620.1054 P6
100 _a"Mukhopadhyay,Madhujit"
245 0 _aStructural Dynamics Vibrations and Systems
250 _aIst
260 _c2006
_bAne Books Pv
500 _aYES
650 _aStructural Dynamics
_bMechanical
942 _cBK
999 _c224000
_d224000